Die schonsten Bildergeschichten. (Record no. 186916)
[ view plain ]
| 000 -LEADER | |
|---|---|
| fixed length control field | 00531cam0a220018100 4500 |
| 001 - CONTROL NUMBER | |
| control field | tmp16002134 |
| 003 - CONTROL NUMBER IDENTIFIER | |
| control field | UPRA |
| 005 - DATE AND TIME OF LATEST TRANSACTION | |
| control field | 20190830105503.0 |
| 008 - FIXED-LENGTH DATA ELEMENTS--GENERAL INFORMATION | |
| fixed length control field | 951120s1954 sz ger u |
| 035 ## - SYSTEM CONTROL NUMBER | |
| System control number | (Sirsi) r26406 |
| 035 ## - SYSTEM CONTROL NUMBER | |
| System control number | (UPRA)tmp16002134 |
| 040 ## - CATALOGING SOURCE | |
| Transcribing agency | UPRA |
| 100 1# - MAIN ENTRY--PERSONAL NAME | |
| Personal name | Busch, Wilhelm, 1832-1908. |
| Dates associated with a name | Busch, Wilhelm, 1832-1908. |
| Linkage | A90120.1 |
| 245 14 - TITLE STATEMENT | |
| Title | Die schonsten Bildergeschichten. |
| 260 ## - PUBLICATION, DISTRIBUTION, ETC. | |
| Place of publication, distribution, etc. | [Zurich] : |
| Name of publisher, distributor, etc. | Buchclub Ex Libris, |
| Date of publication, distribution, etc. | [1954] |
| 949 ## - LOCAL PROCESSING INFORMATION (OCLC) | |
| a | PT2603.U8 |
| w | lcc |
| i | -27148 |
| m | MAIN |
| t | BOOK |
| l | ON-SHELF |
No items available.